| 000 | 00780nam a22002657a 4500 | ||
|---|---|---|---|
| 005 | 20170124105919.0 | ||
| 010 | _a989063 | ||
| 020 |
_c35.00 _a0896840603 |
||
| 035 | _a989063 | ||
| 037 | _bCen Lib/Ret | ||
| 040 |
_aDPL _bEN |
||
| 082 | _a220.21 | ||
| 100 |
_aSrinivasan, Doris _93714 |
||
| 245 |
_aConcept of cow in the rigvada / _cby Doris Srinavasan |
||
| 246 | _b | ||
| 260 |
_bMotilal Banarsidass _aDelhi _c1979 |
||
| 270 |
_bDelhi _a41-U.A, banglow road _e110007 |
||
| 300 |
_axii, 159p. _c21cm(Hb) |
||
| 500 | _aIncludes bibliographical references and index | ||
| 650 |
_aHindu Religion _93715 |
||
| 650 |
_aVedas _93716 |
||
| 650 |
_aहिंदू धर्म _93717 |
||
| 650 |
_aवेद _93718 |
||
| 942 |
_2ddc _cEN _h220.21 _mSRI |
||
| 999 |
_c123025 _d123025 |
||